| 000 | 00511nam a22002057a 4500 | ||
|---|---|---|---|
| 003 | UA-OsUOA | ||
| 001 | 19913 | ||
| 007 | ta | ||
| 008 | 20040922b un ||||| |||| 00| 0 ukr d | ||
| 100 | _aОлійник Г. | ||
| 942 | _cBK | ||
| 040 |
_aUA-OsUOA _brus _cUA-OsUOA _dUA-OsUOA |
||
| 245 |
_aЗ любов'ю до рідного краю _bПісні |
||
| 300 | _a49 с. | ||
| 955 | _a0 | ||
| 041 | _arus | ||
| 260 |
_aДубно _c2000 |
||
| 044 | _aRU | ||
| 650 | 7 |
_aКраєзнавча робота _2UDC |
|
| 999 |
_c306086 _d306086 |
||